000 02297nam a22002177a 4500
003 0
005 20240918100729.0
008 240918b xxu||||| |||| 00| 0 eng d
020 _a9781032554242
050 _aQA 76.76
_b.G37 2024
100 _aGarrand, Timothy Paul
_eauthor.
245 _aWriting for interactive media :
_bsocial media, websites, applications, e-learning, games /
_cTimothy Garrand
250 _a4th ed.
260 _aNew York, NY :
_bRoutledge,
_c2024.
300 _aviii, 311 p. :
_bill. ;
_c26 cm.
504 _aIncludes bibliographical references and index.
520 _a"This thoroughly revised fourth edition teaches students and professionals how to create interactive content for all types of new media and become successful writers or designers in a variety of fields. This comprehensive guide is grounded in the core principles and skills of interactive media writing, in which writers create text and structure content to guide users through interactive products such as websites or software. The book examines case studies on interactive formats including complex informational web sites, computer games, e-learning courses, training programs and immersive exhibits. These case studies assess real-world products and documentation used by professional writers such as scripts, outlines, screenshots and flowcharts. The book also provides practical advice on how to use interactive media writing skills to advance careers in the social media, technical, instructional communication, and creative media fields. This edition includes new chapters on UX Writing and Content Design, Social Media Writing and Writing for Mobile. Writing for Interactive Media prepares students for the writing challenges of today's technology and media. It can be used as a core textbook for courses in UX Writing, Writing for Digital Media, and Technical and Professional Communication and is a valuable resource for writing professionals at all levels. Supplemental resources include sample syllabi and exercises for instructors, as well as additional use cases, writing artifacts, and other instructional material. They are available online at www.routledge.com/9781032228365"-- Provided by publisher.
650 _aInteractive multimedia
650 _a Writing
942 _2lcc
_cBK
999 _c366233
_d366233